000 03813cam a22001934a 4500
005 20250605164408.0
008 250528s ||||||||||||||||||||||||d
035 _a24907
020 _a9789600231441
040 _aGR-AtMCL
_bgre
_dGR-AtMCL
_eAACR2
245 1 _aΤα Δικαιώματα του Παιδιού / Ιστορική Διάσταση και Σύγχρονη Εξέλιξη και η Διεθνής Σύμβαση για τα Δικαιώματα του Παιδιού
260 _bΠαπαζήση,
_c2015
300 _a374
520 _aΣτο παρόν βιβλιο εξετάζεται η ιστορική διάσταση των δικαιωμάτων του παιδιο΄υ, η σύγχρονη εξέλιξη του θεωρητικού τους πλαισίου και ο τρόπος με τον οποίο οι θεωρητικές παραδοχές μετουσιώνονται σε θεσμικές προβλέψεις στο περιεχόμενο της Διεθνούς σύμβασης για τα δικαιώματα του παιδιού. Πρόλογος, Εισαγωγή, Η Ιστορική Διάσταση του Παιδιού, Η Διαμόρφωση της Ιδεολογίας για τα Δικαιώματα του Παιδιού: Το Παιδί από Ιδιοκτησία σε Ανθρώπινο Ον και Αντικείμενο Προστασίας, Η Ιστορική Διάσταση της Παιδικής Ηλικίας, Η Ανάπτυκη της Σύγχρονης Σύλληψης της Παιδικής Ηλικίας, Η Κρατική Παρέμβαση για τη Σωτηρία των Παιδιών, Η Πρώιμη Θεσμοθέτηση των Δικαιωμάτων του Παιδιού: Μια Φαινομενική αλλά Συμβολικής Σημασίας Αναγνώριση των Δικαιωμάτων του, Η Σύγχρονη Εξέλιξη των Δικαιωμάτων του Παιδιού, Το Παιδί από Παθητικό Αντικείμενο Προστασίας σε Δρων Υποκείμενο και Φορέας Δικαιωμάτων Αυτονομίας, Εισαγωγικά: Η Προβληματική για τα Δικαιώματα του Παιδιού, Το Θεωρητικό Πλαίσιο Απόδοσης Δικαιωμάτων στο Παιδί, Η Αμφισβήτηση της Ανεπάρκειας του Παιδιού ως Φορέα Δικαιωμάτων, Ο Ρόλος της Έννοιας της Αυτονομίας στη Σύγχρονη Εξέλιξη των Δικαιωμάτων του Παιδιού, Η Κοινωνιολογία της Παιδικής Ηλικίας και η Συμβολή της στη Σύγχρονη Θεωρητική Εξέλιξη των Δικαιωμάτων του Παιδιού, Η Διεθνής Σύμβαση για τα Δικαιώματα του Παιδιού, Οι Θσμικές Προβλέψεις της Διεθνούς Σύμβασης για τα Δικαιώματα του Παιδιού, Θωρητική Ανάλυση των Κατευθυντήριων Αρχών της Διεθνούς Σύμβασης για τα Δικαιώματα του Παιδιού, Η Οικουμενικότητα των Δικαιωμάτων του Παιδιού και η Εισαγωγή της στη Διεθνή Σύμβαση για τα Δικαιώματα του Παιδιού, Αποτίμηση της Διεθνούς Σύμβασης για τα Δικαιώματα του Παιδιού, Αντί Επιλόγου, Ελληνόγλωσση και Ξενόγλωσση Βιβλιογραφία.
700 1 _aΦασαουλής Βασίλης
_99664
942 _cBK
999 _c9742
_d9742